| 000 | 00923nam a2200229Ia 4500 | ||
|---|---|---|---|
| 003 | GCL | ||
| 008 | 140319s9999 xx 000 0 ara d | ||
| 020 | _a5129906392 | ||
| 040 |
_aGCL / _cGCL |
||
| 082 | 0 | 4 |
_aق _b720.96216 _bم ا |
| 100 | 1 | _aاكمل الدين احسان اوغلى | |
| 245 | 1 | 0 |
_aاثار القاهرة الاسلامية فى العصر العثمانى : _bج1 المساجد والمدارس والزوايا / _cاكمل الدين احسان اوغلى |
| 700 | 1 | _aمحمد ابوالعمايم | |
| 250 | _aالاولى | ||
| 260 |
_aتركيا : _bمركز الابحاث للتاريخ والفنون والثقافة ، _c2003 |
||
| 300 |
_a541 ص ؛ _c24 سم |
||
| 650 | 0 | 4 | _aالعمارة الاسلامية |
| 650 | 0 | 4 | _aالاثار |
| 650 | 0 | 4 | _aالقاهرة - الاثار الاسلامية |
| 650 | 0 | 4 | _aالقاهرة - الاثار العثمانية |
| 942 |
_2ddc _cBK |
||
| 999 |
_c8239 _d8239 |
||